| 000 | 00808cac a22002294a 4500 | ||
|---|---|---|---|
| 999 |
_c16529 _d16529 |
||
| 005 | 20190415115005.0 | ||
| 008 | 120229t2012 enkako frb 000 0 eng d | ||
| 020 | _a9781780860428 | ||
| 040 |
_aEG-ScBUE _beng _dEG-ScBUE _cEG-ScBUE |
||
| 082 | 0 | 4 |
_a160 _bSCI _222 |
| 245 | 0 | 0 |
_aScientific and critical thinking / _ccompiled and contributed to by Mohammed Ali Almisbkawy. |
| 260 |
_aHarlow: _bPearson education, _cc.2012. |
||
| 300 |
_a521 p. : _bforms, photographs, tables ; _c24 cm. |
||
| 504 | _aIncludes bibliographical references. | ||
| 590 | _aDoha | ||
| 650 | 7 |
_aCritical thinking. _2BUEsh _920326 |
|
| 650 | 7 |
_aLanguage and languages. _2BUEsh _917129 |
|
| 651 | _2BUEsh | ||
| 653 |
_bCOMSCI _bHHUUEENN _cAugust2015 |
||
| 700 | 1 |
_aAlmisbkawy, Mohammed Ali, _ecompiler. _921232 |
|
| 942 |
_2ddc _cBB _k160 SCI |
||